Vyhodnocení prostorové diferenciace cenových indexů a hodnocení souvztažných jevů - průměrné platy, vzdělanost
Vyhodnotenie priestorovej diferenciácie cenových indexov v jednotlivých okresoch a krajoch ČR. Metodika hodnotenia a informačné zdroje. Diferenciácia vzrastu cenových indexov. Vzťah cenových indexov a priemerných miezd. Porovnanie cenových indexov s mierou vzdelanosti.
Salvato in:
| Autore principale: | |
|---|---|
| Natura: | Capitolo di libro |
| Lingua: | ceco |
| Soggetti: | |
| Tags: |
Nessun Tag, puoi essere il primo ad aggiungerne!!
|
MARC
| LEADER | 00000naa a2200000 4500 | ||
|---|---|---|---|
| 001 | r023365 | ||
| 005 | 20230922102125.3 | ||
| 041 | 0 | |a cze | |
| 044 | |a CZ | ||
| 245 | 1 | 0 | |a Vyhodnocení prostorové diferenciace cenových indexů a hodnocení souvztažných jevů - průměrné platy, vzdělanost |c M. Králíček |
| 520 | |a Vyhodnotenie priestorovej diferenciácie cenových indexov v jednotlivých okresoch a krajoch ČR. Metodika hodnotenia a informačné zdroje. Diferenciácia vzrastu cenových indexov. Vzťah cenových indexov a priemerných miezd. Porovnanie cenových indexov s mierou vzdelanosti. | ||
| 610 | 2 | 0 | |a indexy cenové |
| 610 | 2 | 0 | |a diferenciácia cenová |
| 610 | 2 | 0 | |a okresy |
| 610 | 2 | 0 | |a kraje |
| 610 | 2 | 0 | |a Česko |
| 610 | 2 | 0 | |a 1989-1994 |
| 610 | 2 | 0 | |a metodika |
| 610 | 2 | 0 | |a mzdy priemerné |
| 610 | 2 | 0 | |a vzdelanosť |
| 100 | 1 | |a Králíček, M. | |